[Event "AUTO-MASTER-1948"]
[Site "http://www.queenalice.com/game.php?id=1243236"]
[Date "2013.12.27"]
[Round "2"]
[White "joaopnunes"]
[Black "vivafischer"]
[Result "0-1"]
[WhiteElo "2142"]
[BlackElo "2073"]

1. Nf3 e6 2. c4 f5 3. d4 Nf6 4. g3 d5 5. Bg2 c6 6. O-O Bd6 7. b3 b5 8. cxb5 cxb5
9. Ba3 b4 10. Bb2 O-O 11. Ne5 Qb6 12. Nd2 a5 13. Rc1 Ba6 14. Re1 Ne4 15. e3 Bxe5
16. dxe5 Nd7 17. Bd4 Qb7 18. f3 Nc3 19. Bxc3 bxc3 20. Rxc3 Nxe5 21. Nf1 Rac8 22.
Rxc8 Rxc8 23. e4 Qb6+ 24. Kh1 Nd3 25. Re2 Nf2+ 26. Rxf2 Qxf2 27. exd5 Bxf1 28.
Qxf1 Qxf1+ 29. Bxf1 exd5 30. Bb5 Rc1+ 31. Kg2 Rc2+ 32. Kh3 Rxa2 33. Bd7 Kf7 34.
Bxf5 Rb2 35. f4 g6 0-1

[Event "AUTO-MASTER-1948"]
[Site "http://www.queenalice.com/game.php?id=1243237"]
[Date "2013.12.27"]
[Round "2"]
[White "vivafischer"]
[Black "joaopnunes"]
[Result "1-0"]
[WhiteElo "1878"]
[BlackElo "2163"]

1. d4 Nf6 2. c4 e6 3. Nc3 Bb4 4. f3 c5 5. d5 d6 6. e4 e5 7. Ne2 Nbd7 8. a3 Bxc3+
9. Nxc3 Nf8 10. Be3 Bd7 11. b4 cxb4 12. axb4 a5 13. bxa5 Rxa5 14. Rb1 Bc8 15.
Bb6 1-0

[Event "AUTO-MASTER-1921"]
[Site "http://www.queenalice.com/game.php?id=1245590"]
[Date "2014.1.5"]
[Round "2"]
[White "Puska"]
[Black "joaopnunes"]
[Result "1-0"]
[WhiteElo "2457"]
[BlackElo "2137"]

1. c4 e6 2. Nf3 Nf6 3. g3 d5 4. d4 Bb4+ 5. Bd2 Be7 6. Bg2 O-O 7. O-O c6 8. Qc2
Ne4 9. Bf4 Nd7 10. Nc3 Ndf6 11. c5 Nxc3 12. bxc3 Ne4 13. c4 h6 14. Ne5 Nf6 15.
a4 Nd7 16. Nf3 Nf6 17. a5 a6 18. Ra3 Ne4 19. Ne5 Nf6 20. Rb1 Qe8 21. Rab3 Bd8
22. Nd3 Bxa5 23. cxd5 Nxd5 24. Bd6 Ne7 25. Rxb7 Bxb7 26. Rxb7 Bd8 27. Ne5 f6 28.
Bxe7 fxe5 29. Bxf8 Qxf8 30. Qg6 exd4 31. Be4 Be7 32. Qxe6+ 1-0

[Event "AUTO-MASTER-1921"]
[Site "http://www.queenalice.com/game.php?id=1245591"]
[Date "2014.1.5"]
[Round "2"]
[White "joaopnunes"]
[Black "Puska"]
[Result "0-1"]
[WhiteElo "2167"]
[BlackElo "2449"]

1. Nf3 Nf6 2. c4 b6 3. d4 e6 4. g3 Ba6 5. b3 Bb4+ 6. Bd2 Be7 7. Bg2 c6 8. O-O d5
9. Ne5 Nfd7 10. Nxd7 Nxd7 11. Qc2 O-O 12. Re1 Nf6 13. e3 Rc8 14. Bc1 c5 15. dxc5
Bxc5 16. Nd2 b5 17. Qd3 dxc4 18. Qxd8 Rfxd8 19. bxc4 bxc4 20. Ne4 Bb4 0-1

[Event "AUTO-MASTER-1921"]
[Site "http://www.queenalice.com/game.php?id=1245596"]
[Date "2014.1.5"]
[Round "2"]
[White "CCapivara"]
[Black "joaopnunes"]
[Result "1/2-1/2"]
[WhiteElo "2088"]
[BlackElo "2144"]

1. e4 e5 2. Nf3 Nf6 3. Nxe5 d6 4. Nf3 Nxe4 5. d4 Be7 6. c4 O-O 7. Bd3 Nf6 8. O-O
Bg4 9. Be3 d5 10. Nc3 Nc6 11. Rc1 Rb8 12. h3 Bxf3 13. Qxf3 dxc4 14. Bxc4 Nxd4
15. Qd1 Nf5 16. Qe2 Nxe3 17. Qxe3 a6 18. Rcd1 Bd6 19. g4 Nxg4 20. hxg4 Qh4 21.
Rxd6 Qxg4+ 22. Qg3 Qxg3+ 23. fxg3 cxd6 24. Nd5 b5 25. Bb3 a5 26. Kg2 Rb7 27. Ne3
g6 28. Rf6 Rd7 29. a4 bxa4 30. Bxa4 Rb7 31. b3 Rc8 32. Rxd6 Rc3 33. Nd5 Rcxb3
34. Bxb3 Rxb3 35. Ra6 Ra3 36. g4 Ra4 37. Kf3 Ra3+ 38. Kf4 Ra4+ 39. Kg3 Ra3+ 40.
Kh4 Ra4 41. Nf6+ Kg7 42. Ne8+ Kf8 43. Nf6 h5 44. Kg5 hxg4 45. Nxg4 Ra3 46. Ra7
Rg3 1/2-1/2

[Event "AUTO-MASTER-1921"]
[Site "http://www.queenalice.com/game.php?id=1245597"]
[Date "2014.1.5"]
[Round "2"]
[White "joaopnunes"]
[Black "CCapivara"]
[Result "1/2-1/2"]
[WhiteElo "2168"]
[BlackElo "2081"]

1. Nf3 d5 2. d4 Nf6 3. c4 e6 4. g3 Be7 5. Bg2 O-O 6. O-O c6 7. Qc2 Nbd7 8. b3
Ne4 9. Ba3 Bxa3 10. Nxa3 Qe7 11. Qb2 b6 12. cxd5 cxd5 13. Nc2 Ba6 14. Rfe1 Rac8
15. Rac1 Rc7 16. e3 Rfc8 17. a3 Bb7 18. Nb4 Ndf6 19. Rxc7 Qxc7 20. Ne5 Qc3 21.
Rb1 Nd2 22. Na2 Qxb2 23. Rxb2 Nde4 24. Nd3 a5 25. f3 Nc3 26. Ndc1 Nxa2 27. Nxa2
Kf8 28. Bf1 Ke7 29. Kf2 Kd6 30. Bd3 h6 1/2-1/2

[Event "AUTO-MASTER-1911"]
[Site "http://www.queenalice.com/game.php?id=1253595"]
[Date "2014.2.3"]
[Round "2"]
[White "joaopnunes"]
[Black "chunyi2012"]
[Result "1-0"]
[WhiteElo "2125"]
[BlackElo "2242"]

1. Nf3 d5 2. d4 Nf6 3. c4 e6 4. Nc3 Bb4 5. e3 O-O 6. Bd3 c5 7. O-O Nc6 8. Qc2
dxc4 9. Bxc4 cxd4 10. Rd1 e5 11. exd4 Nxd4 12. Nxd4 exd4 13. Be3 Bc5 14. Nb5 Qb6
15. Nxd4 1-0

[Event "AUTO-MASTER-1911"]
[Site "http://www.queenalice.com/game.php?id=1253596"]
[Date "2014.2.3"]
[Round "2"]
[White "chunyi2012"]
[Black "joaopnunes"]
[Result "0-1"]
[WhiteElo "2258"]
[BlackElo "2109"]

1. e4 e5 2. Nf3 Nf6 3. Bc4 Nxe4 4. Nxe5 d5 5. Bb5+ c6 6. Be2 Be7 7. d3 Nf6 8.
O-O Nbd7 9. d4 O-O 10. Be3 Bd6 11. f4 Ne4 12. c4 Ndf6 13. c5 Bc7 14. Nd2 Nxd2
0-1

[Event "AUTO-MASTER-1959"]
[Site "http://www.queenalice.com/game.php?id=1262162"]
[Date "2014.3.4"]
[Round "2"]
[White "GMcruz"]
[Black "joaopnunes"]
[Result "1-0"]
[WhiteElo "2116"]
[BlackElo "2111"]

1. e4 e5 2. Nf3 Nf6 3. Nxe5 d6 4. Nf3 Nxe4 5. d4 Be7 6. Bd3 d5 7. O-O O-O 8.
Nbd2 Nf6 9. Re1 Nc6 10. c3 a5 11. Nf1 Bg4 12. Ng3 Re8 13. h3 Bh5 14. Nxh5 Nxh5
15. Ne5 Nxe5 16. dxe5 g6 17. f4 Bh4 18. Rf1 Ng3 19. Rf3 Ne4 20. Be3 Be7 21. g4
Nc5 22. Bc2 c6 23. Qe2 a4 24. Rd1 Qa5 25. f5 Qa6 26. Qf2 b6 27. e6 fxe6 28. f6
Bxf6 29. Rxf6 Qb5 30. Bxg6 1-0

[Event "AUTO-MASTER-1959"]
[Site "http://www.queenalice.com/game.php?id=1262163"]
[Date "2014.3.4"]
[Round "2"]
[White "joaopnunes"]
[Black "GMcruz"]
[Result "1-0"]
[WhiteElo "2141"]
[BlackElo "2167"]

1. Nf3 Nf6 2. c4 d6 3. Nc3 g6 4. e3 Bg7 5. Be2 Nc6 6. O-O O-O 7. Rb1 a5 8. a3
Bf5 9. d3 e5 10. Qc2 d5 11. cxd5 Nxd5 12. Nxd5 Qxd5 13. e4 Qe6 14. exf5 gxf5 15.
Be3 Rad8 16. Rfe1 Rd7 17. Nd2 Rfd8 18. Nb3 b6 19. Bf3 Ne7 20. a4 Rxd3 21. Nc1
R3d7 22. Ne2 Nd5 23. Bxd5 Qxd5 24. Nc3 Qe6 25. Rbd1 Rxd1 26. Rxd1 Rxd1+ 27. Qxd1
f4 28. Bc1 Bf8 29. Qd5 Qf5 30. Qe4 Qe6 31. Nd5 Qd6 32. g3 c6 33. Nxb6 Qd1+ 34.
Kg2 f3+ 35. Qxf3 Qxc1 36. Nd7 Bg7 37. Qg4 Kh8 38. Nb6 Qc5 39. Qc8+ Qf8 40. Qxc6
Qb4 41. Qe8+ Qf8 42. Qxf8+ Bxf8 43. Nc4 Bb4 44. Nxe5 Kg7 45. Kf3 Kf6 46. Nc6 Ke6
47. Nxb4 1-0

[Event "AUTO-MASTER-1959"]
[Site "http://www.queenalice.com/game.php?id=1262166"]
[Date "2014.3.4"]
[Round "2"]
[White "CCapivara"]
[Black "joaopnunes"]
[Result "1-0"]
[WhiteElo "2127"]
[BlackElo "2122"]

1. e4 c6 2. d4 d5 3. exd5 cxd5 4. Nf3 Nf6 5. Bd3 e6 6. O-O Be7 7. c4 dxc4 8.
Bxc4 O-O 9. Nc3 Nc6 10. Re1 b6 11. Bg5 Bb7 12. a3 Rc8 13. Ba2 Na5 14. Ne5 a6 15.
Rc1 Qd6 16. b4 Nc6 17. Bxf6 Bxf6 18. Ne4 Qxd4 19. Nxf6+ gxf6 20. Nxc6 Qxd1 21.
Ne7+ Kg7 22. Rexd1 Rxc1 23. Rxc1 Rd8 24. Kf1 Rd7 25. Nc8 b5 26. f3 Kf8 27. Ke2
Rd8 28. Nb6 Rd6 29. Na8 Rd8 30. Nc7 Rc8 31. Bxe6 fxe6 32. Nxe6+ Ke7 33. Rxc8
Bxc8 34. Nf4 Kd6 35. Ke3 Ke5 36. g3 Bf5 37. h4 Bd7 38. g4 Bc6 39. Nd3+ Kd5 40.
Nb2 Bb7 41. f4 h6 42. g5 fxg5 43. fxg5 hxg5 44. hxg5 Ke5 45. Nd3+ Kf5 46. Kd4
Kxg5 47. Kc5 Kf5 48. Kb6 Bc8 49. Nc5 Ke5 50. Nxa6 Bd7 51. Nc7 Kd4 52. Nxb5+ Kc4
53. Na7 Kb3 54. b5 Kxa3 55. Nc6 Kb3 56. Kc7 Kc4 57. b6 1-0

[Event "AUTO-MASTER-1959"]
[Site "http://www.queenalice.com/game.php?id=1262167"]
[Date "2014.3.4"]
[Round "2"]
[White "joaopnunes"]
[Black "CCapivara"]
[Result "1/2-1/2"]
[WhiteElo "2130"]
[BlackElo "2206"]

1. Nf3 d5 2. d4 Nf6 3. c4 e6 4. Nc3 Be7 5. Bg5 O-O 6. e3 b6 7. Bd3 Bb7 8. O-O
Nbd7 9. Qe2 c5 10. cxd5 Nxd5 11. Bxe7 Qxe7 12. Rfd1 Rad8 13. a3 e5 14. Nxd5 Bxd5
15. dxe5 Bxf3 16. Qxf3 1/2-1/2

[Event "AUTO-MASTER-1959"]
[Site "http://www.queenalice.com/game.php?id=1262169"]
[Date "2014.3.4"]
[Round "2"]
[White "joaopnunes"]
[Black "gedalias"]
[Result "0-1"]
[WhiteElo "2139"]
[BlackElo "2115"]

1. Nf3 d5 2. d4 Nc6 3. c4 e6 4. Nc3 Nf6 5. e3 Bb4 6. Bd3 Bxc3+ 7. bxc3 O-O 8.
O-O Na5 9. cxd5 exd5 10. Qe2 h6 11. Ne5 Ne4 12. Bb2 c6 13. f3 Ng5 14. Rae1 Qd6
15. e4 Be6 16. Bc1 f6 17. Ng6 Rfe8 18. e5 fxe5 19. Nxe5 Nf7 20. Qf2 b5 21. Qg3
Bd7 22. Qg6 Qxg6 23. Bxg6 Be6 24. Ba3 Nc4 25. Bc5 Ncxe5 26. dxe5 Rec8 27. f4 Nh8
28. Bd3 g6 29. Re3 Re8 30. Rg3 Kh7 31. f5 gxf5 32. Bxf5+ Bxf5 33. Rxf5 Rg8 34.
Rf6 Rxg3 35. hxg3 Ng6 36. Rxc6 Nxe5 37. Rc7+ Kg6 38. Rxa7 Rxa7 39. Bxa7 Kf5 40.
Kf2 Ke4 41. Bd4 Nd3+ 42. Kf1 Nb4 43. Bg7 Nxa2 44. Bxh6 Nxc3 45. Ke1 Kd3 46. Bf8
Kc2 0-1

[Event "AUTO-ADV-2858"]
[Site "http://www.queenalice.com/game.php?id=1262814"]
[Date "2014.3.6"]
[Round "2"]
[White "Zodiac"]
[Black "joaopnunes"]
[Result "0-1"]
[WhiteElo "1630"]
[BlackElo "2099"]

1. d4 Nf6 2. c4 e6 3. Nc3 Bb4 4. e3 b6 5. Ne2 Bb7 6. f3 d5 7. a3 Be7 8. Ng3 Nbd7
9. cxd5 exd5 10. Bd3 g6 0-1

[Event "AUTO-ADV-2858"]
[Site "http://www.queenalice.com/game.php?id=1262820"]
[Date "2014.3.6"]
[Round "2"]
[White "joaopnunes"]
[Black "APSHOOTER"]
[Result "1-0"]
[WhiteElo "2110"]
[BlackElo "1543"]

1. Nf3 Nc6 2. d4 d5 3. c4 Nf6 4. Nc3 e6 5. e3 Bb4 6. Bd3 Bd7 7. O-O Bd6 8. Qe2
a6 9. Rd1 h6 10. e4 dxe4 11. Nxe4 Nb4 12. Bb1 Nxe4 13. Qxe4 Nc6 14. d5 Ne7 15.
dxe6 Bxe6 16. Bf4 Bf5 17. Qe3 O-O 18. Bxd6 cxd6 19. Qd4 Bxb1 20. Raxb1 Nf5 21.
Qd5 Qd7 22. c5 Rad8 23. h3 Qe6 24. g4 Ne7 25. Qxe6 fxe6 26. cxd6 Nd5 27. Ne5
Rxd6 28. Nc4 Rdd8 29. Re1 b5 30. Ne5 Nf4 31. Kh2 Nd3 32. Nxd3 Rxd3 33. Re2 Rff3
34. Rbe1 Rxh3+ 35. Kg2 Rh4 36. f3 g5 37. Rxe6 Rd2+ 38. R1e2 Rxe2+ 39. Rxe2 Kf7
40. Rc2 h5 41. Kg3 hxg4 42. fxg4 Rh1 43. Rc6 Rb1 44. b3 a5 45. Ra6 a4 46. bxa4
b4 47. Rb6 Ra1 48. Rxb4 Rxa2 49. Kf3 Ra3+ 50. Ke4 Ke6 51. Rb6+ Kd7 52. Ra6 Ke7
53. Kf5 1-0

[Event "AUTO-ADV-2858"]
[Site "http://www.queenalice.com/game.php?id=1262821"]
[Date "2014.3.6"]
[Round "2"]
[White "APSHOOTER"]
[Black "joaopnunes"]
[Result "0-1"]
[WhiteElo "1536"]
[BlackElo "2142"]

1. e4 e5 2. Bc4 Nf6 3. d3 Nc6 4. Bg5 Be7 5. h3 O-O 6. Nf3 h6 7. Be3 d5 8. Bb5
Nd4 9. Nxd4 exd4 10. Bxd4 dxe4 11. Be3 exd3 12. Bxd3 Be6 13. Nc3 c6 14. Qf3 Re8
15. O-O-O Qa5 16. a3 Nd5 17. g4 Nxc3 18. Bd2 Bd5 19. Bxc3 Bxf3 20. Bxa5 Bxh1 21.
Rxh1 Bg5+ 22. Bd2 Bxd2+ 23. Kxd2 Rad8 24. f4 c5 25. c4 Re4 26. Kc3 Rxf4 27. Rd1
Rfd4 28. b4 cxb4+ 29. axb4 Kf8 30. b5 b6 31. h4 Rxg4 0-1

[Event "AUTO-ADV-2858"]
[Site "http://www.queenalice.com/game.php?id=1262822"]
[Date "2014.3.6"]
[Round "2"]
[White "joaopnunes"]
[Black "josebaron"]
[Result "1-0"]
[WhiteElo "2132"]
[BlackElo "2059"]

1. Nf3 Nc6 2. d4 d5 3. c4 e6 4. e3 Bb4+ 5. Nc3 Bxc3+ 6. bxc3 Nf6 7. Bd3 h6 8.
cxd5 Nxd5 9. Bd2 O-O 10. O-O a6 11. Qe2 Re8 12. e4 Nf6 13. e5 Nd5 14. Rfd1 Kh8
15. Qe4 g6 16. Bxh6 Nxc3 17. Qg4 Nxd1 18. Bg5 Ne7 19. Qh4+ Kg7 20. Bf6+ Kf8 21.
Qh6+ Kg8 22. Qg7# 1-0

[Event "AUTO-ADV-2858"]
[Site "http://www.queenalice.com/game.php?id=1262823"]
[Date "2014.3.6"]
[Round "2"]
[White "josebaron"]
[Black "joaopnunes"]
[Result "1/2-1/2"]
[WhiteElo "2002"]
[BlackElo "2126"]

1. e4 e5 2. Bc4 Nf6 3. d3 d5 4. exd5 Nxd5 5. Nc3 Nxc3 6. bxc3 Be7 7. Nf3 Nc6 8.
O-O O-O 9. Re1 Bf6 10. h3 Re8 11. Bb2 Bf5 12. a4 Qd6 13. Bb5 a6 14. Bxc6 Qxc6
15. c4 e4 16. Bxf6 Qxf6 17. dxe4 Bxe4 18. Rb1 Bxf3 19. Rxe8+ Rxe8 20. Qxf3 Qxf3
21. gxf3 b6 22. Kg2 Kf8 23. c5 bxc5 24. Rb7 Re2 25. Rxc7 Rxc2 26. a5 c4 27. Ra7
Ra2 28. Rxa6 c3 29. Rc6 Rxa5 30. Rxc3 Rf5 31. Rc4 Ke7 32. Re4+ Kf6 33. Kg3 g6
34. h4 h5 35. f4 Rd5 36. f3 Kf5 37. Re7 f6 38. Re4 Rd3 39. Kf2 Rd2+ 40. Kg3 Rc2
41. Kh3 Rc3 42. Kg3 Rd3 1/2-1/2

[Event "Challenge"]
[Site "http://www.queenalice.com/game.php?id=1276206"]
[Date "2014.4.26"]
[Round "-"]
[White "joaopnunes"]
[Black "CNJEDUARDO"]
[Result "1-0"]
[WhiteElo "2102"]
[BlackElo "2076"]

1. Nf3 d5 2. d4 Nf6 3. c4 e6 4. g3 dxc4 5. Bg2 c6 6. Ne5 Bb4+ 7. Bd2 Bxd2+ 8.
Qxd2 Qe7 9. Nxc4 O-O 10. Nc3 Rd8 11. Rd1 c5 12. d5 exd5 13. Nxd5 Nxd5 14. Ne3
Be6 15. O-O 1-0